000 00634nam a2200169 i 4500
001 104497
003 ES-MaACL
007 t|
008 051130s1967 sp ||||1| spa d
100 1 _aMiller, Robert W.
_981230
245 1 0 _aAplicación del método PERT al control de programación, costes y beneficios /
_cRobert W. Miller...; traducción y adaptación, Leonardo Larios Aracama... Guillermo Comba Morayta...
260 _aMadrid :
_bCastillo,
_c1967.
300 _a272 p. :
_bil. ;
_c22 cm.
700 1 _aLarios Aracama, Leonardo.
_970262
700 1 _aComba Morayta, Guillermo.
_939957
852 _aES-MaACL
_jC-5817
_bR.62495
999 _c104497
_d104497